Nutrition issues in developing countries (Record no. 172008)
[ view plain ]
| 000 -LEADER | |
|---|---|
| fixed length control field | 01746nam a2200325 a 4500 |
| 082 04 - DEWEY DECIMAL CLASSIFICATION NUMBER | |
| Classification number | 362.1/9639/0091724 |
| 245 10 - TITLE STATEMENT | |
| Title | Nutrition issues in developing countries |
| 260 ## - PUBLICATION, DISTRIBUTION, ETC. (IMPRINT) | |
| Place of publication | Washington, D.C. : |
| Name of publisher | National Academy Press, |
| Year of publication | 1992. |
| 300 ## - PHYSICAL DESCRIPTION | |
| Number of Pages | 189 p. : |
| Other physical details | ill. |
| 650 #0 - SUBJECT ADDED ENTRY--TOPICAL TERM | |
| Topical Term | Pregnancy |
| Topical Term | Diarrhea, Infantile |
| Topical Term | Diarrhea in children |
| Topical Term | Lactation |
| 856 40 - ELECTRONIC LOCATION AND ACCESS | |
| Uniform Resource Identifier | http://site.ebrary.com/lib/rucke/Doc?id=10056845 |
No items available.
